| 000 | 00800pam a2200265 a 4500 | ||
|---|---|---|---|
| 999 |
_c3999 _d3999 |
||
| 001 | 17206 | ||
| 003 | GBCCL | ||
| 005 | 20241126110508.0 | ||
| 008 | 880602s1988 orua 000 0 eng | ||
| 010 | _a 88019828 | ||
| 020 |
_a0880702532 : _c$7.95 |
||
| 035 | _a(OCoLC)18162635 | ||
| 040 |
_aDLC _cDLC _dLBB |
||
| 049 |
_aLBBK _aLBBA |
||
| 050 | 0 |
_aBV4520 _b.A45 1988 |
|
| 082 | 0 |
_a248.5 _219 _bALD |
|
| 092 | 0 |
_a248.5 _bA365, 1988 _220 |
|
| 100 | 1 |
_aAldrich, Joseph C., _d1940- _99045 |
|
| 245 | 1 | 0 |
_aGentle persuasion : _bcreative ways to introduce your friends to Christ / _cJoseph C. Aldrich. |
| 260 |
_aPortland, Or. : _bMultnomah Press, _cc1988. |
||
| 300 |
_a247 p. : _bill. ; _c21 cm. |
||
| 650 | 0 |
_aWitness bearing (Christianity) _9428 |
|
| 650 | 0 |
_aEvangelistic work. _9290 |
|
| 942 |
_2ddc _cBK |
||